| 000 | 00650nam a22002177a 4500 | ||
|---|---|---|---|
| 999 |
_c8596 _d8596 |
||
| 003 | GBCCL | ||
| 005 | 20241126110654.0 | ||
| 008 | 210419b ||||| |||| 00| 0 eng d | ||
| 020 | _a9780281027330 | ||
| 040 | _cGBC | ||
| 082 |
_a224.806 _bTHO |
||
| 100 |
_aThorogood, Bernard _915161 |
||
| 245 |
_aA guide to Amos / _cBernard Thorogood. |
||
| 260 |
_aLondon : _bS.P.C.K., _c©1991. |
||
| 300 |
_ax, 118 pages : illustrations ; _c22 cm. |
||
| 440 |
_aSPCK international study guide, 4. _915162 |
||
| 650 |
_aBible. _v Amos _xStudy and teaching. _915163 |
||
| 650 |
_aBible. _vAmos. _913732 |
||
| 650 |
_a Education. _91195 |
||
| 942 |
_2ddc _cBK _012 |
||